000 00296nam a22001337a 4500
008 171011b xxu||||| |||| 00| 0 eng d
020 _a2900073404157
041 _aeng
080 _24TH
_a316
100 _a50
101 _aSOC
245 _aTHE PRACTICAL SKEPTIC
_cINTYRE,L.J
942 _2udc
_cBK
999 _c33166
_d33166